| 000 | 01219cam a2200217 4500500 | ||
|---|---|---|---|
| 005 | 20260208001118.0 | ||
| 041 | _afre | ||
| 042 | _adc | ||
| 100 | 1 | 0 |
_aMarques, Ana _eauthor |
| 245 | 0 | 0 | _aConsentir à la contrainte ou contraindre à consentir |
| 260 | _c2017. | ||
| 500 | _a70 | ||
| 520 | _aLa pratique psychiatrique se confronte souvent à la question de la liberté. La liberté du malade est un principe mais le rôle du soignant sera toujours d’être le garant que le choix de celui-ci, de se soigner ou non, n’est pas conditionné par une pathologie qui l’aliène. Question éthique sur laquelle butte toujours la psychiatrie. A.Marques, à travers sa pratique clinique, nous propose ici quelques réflexions sur ce thème toujours d’actualité qui nous renvoient à ce « bricolage militant » cher à Daumézon. | ||
| 690 | _aAlliance thérapeutique | ||
| 690 | _aconsentement aux soins | ||
| 690 | _adiscernement | ||
| 690 | _apratique du soin | ||
| 690 | _aprojet de vie | ||
| 786 | 0 | _nPratiques en santé mentale | 63e aée | 1 | 2017-05-12 | p. 15-17 | 1286-1286 | |
| 856 | 4 | 1 | _uhttps://shs.cairn.info/revue-pratique-en-sante-mentale-2017-1-page-15?lang=fr&redirect-ssocas=7080 |
| 999 |
_c1644363 _d1644363 |
||